Rozsah dovolenky starostu

Zákon č.253/1994 Z.z., §2 hovorí, že starostovi počas výkonu funkcie patrí dovolenka v rozsahu podľa kolektívnej zmluvy, ktorá je záväzná pre obec ako zamestnávateľa, na jej účely sa primerane použije osoabitný predpis.

Salvato in:
Dettagli Bibliografici
Autore principale: Briestenský, Ladislav
Natura: Capitolo di libro
Lingua:slovacco
Soggetti:
Tags: Aggiungi Tag
Nessun Tag, puoi essere il primo ad aggiungerne!!

MARC

LEADER 00000naa a2200000 4500
001 0270302
005 20201201102148.6
041 0 |a slo 
044 |a SK 
245 1 0 |a Rozsah dovolenky starostu  |c Ladislav Briestenský 
520 |a Zákon č.253/1994 Z.z., §2 hovorí, že starostovi počas výkonu funkcie patrí dovolenka v rozsahu podľa kolektívnej zmluvy, ktorá je záväzná pre obec ako zamestnávateľa, na jej účely sa primerane použije osoabitný predpis. 
610 2 0 |a obce 
610 2 0 |a starostovia 
610 2 0 |a dovolenka 
610 2 0 |a zákony 
100 1 |a Briestenský, Ladislav